000 01830cam a22005054i 4500
003 PE-LiUPU
005 20250731173352.0
008 150706s2009 sp a rb 000 0 spa d
020 _a9788433023049
035 _a(Sirsi) i9788433023049
040 _aPE-LiUPU
_bspa
_cPE-LiUPU
_erda
049 _aPRUA
082 0 4 _a276
_bH19
_221
100 1 _aHamman, Adalbert-G.,
_eautor.
245 1 0 _aPara leer los Padres de la Iglesia /
_cAdalbert-G Hamman.
264 1 _aBilbao :
_bDesclée de Brouwer,
_c2009.
300 _a152 páginas :
_bilustraciones ;
_c21 centímetros.
336 _atext
_2rdacontent
337 _aunmediated
_2rdamedia
338 _avolume
_2rdacarrier
490 0 _aBiblioteca Manual Desclée ;
_v63 [i.e. 64]
500 _aTraducción de: Pour lire les Pères de l'Église.
504 _aIncluye bibliografía.
505 0 _aDe Jerusalén a Roma -- La iglesia de los mártires (siglo III) -- "La edad de oro" (siglos IV y V) -- Hacia Bizancio y la Edad Media.
526 _aSEG42
526 _aSEG41
526 _aSEG40
526 _aSEG39
526 _aP94
526 _aP87
526 _aP86
526 _aP85
526 _aP77
526 _aP76
526 _aP35
650 0 4 _aLiteratura cristiana primitiva
_xHistoria y crítica.
650 0 4 _aPatrística.
910 _bjv
_clch
_d20100514
942 _2ddc
_cBOOK
949 _a276 H19
_wDEWEY
_c1
_i61646
_d2016-11-7
_e2016-11-2
_lCCODEBUL1
_mBUL
_n11
_r0
_sY
_tBOOK
_u2015-7-6
_xTEOLOGIA
_PP35
_0COMPRA
_o.STAFF. Colección General
994 _aC0
_bPEPRU
596 _a1
999 _a276 H19
_wDEWEY
_c50832
_i61646
_d50832
_e2016-11-2
_f2021-11-11
_g5
_lCCODEBUL1
_mBUL
_n11
_p50.00
_r0
_sY
_tBOOK
_u2015-7-6
_xTEOLOGIA
_PP35
_0COMPRA
_o.STAFF. Colección Teología
980 _81
_gALBERTO SANCHEZ Responsable de Automatización